| 000 | 00975cam a22003014a 4500 | ||
|---|---|---|---|
| 001 | 2618129 | ||
| 003 | OSt | ||
| 005 | 20221031110645.0 | ||
| 008 | 981215s2000 at b 001 0 eng | ||
| 010 | _a 98052471 | ||
| 020 | _a0357670981 | ||
| 040 |
_aDLC _cDLC _dDLC |
||
| 042 | _apcc | ||
| 050 | 0 | 0 |
_aBF637.C6 _bC57 2016 |
| 100 | 1 | _aCorey, Gerald. | |
| 245 | 1 | 0 |
_aTheory and practice of group counseling / _cGerald Corey. |
| 250 | _a9th ed. | ||
| 260 |
_aAustralia ; _aBelmont, CA : _bCengage _c2016 |
||
| 300 | _axxvi 515 p. ; | ||
| 500 | _a"Instructor's edition"--Cover. | ||
| 504 | _aIncludes bibliographical references and indexes. | ||
| 650 | 0 | _aGroup counseling. | |
| 650 | 0 | _aSmall groups. | |
| 906 |
_a7 _bcbc _corignew _d1 _eocip _f19 _gy-gencatlg |
||
| 942 |
_2lcc _cBK |
||
| 999 |
_c19743 _d19742 |
||